<?xml version="1.0" encoding="UTF-8"?>
<record
    xmlns:xsi="http://www.w3.org/2001/XMLSchema-instance"
    xsi:schemaLocation="http://www.loc.gov/MARC21/slim http://www.loc.gov/standards/marcxml/schema/MARC21slim.xsd"
    xmlns="http://www.loc.gov/MARC21/slim">

  <leader>01234nam a22002775a 4500</leader>
  <datafield tag="999" ind1=" " ind2=" ">
    <subfield code="c">5036</subfield>
    <subfield code="d">5036</subfield>
  </datafield>
  <controlfield tag="005">20240227093554.0</controlfield>
  <controlfield tag="007">vf ubahou</controlfield>
  <controlfield tag="008">100526s1999    ua 40  g ||||  0| vzeng d</controlfield>
  <datafield tag="040" ind1=" " ind2=" ">
    <subfield code="a">EG-ScBUE</subfield>
    <subfield code="c">EG-ScBUE</subfield>
    <subfield code="d">EG-ScBUE</subfield>
  </datafield>
  <datafield tag="082" ind1="0" ind2="4">
    <subfield code="a">968.050924</subfield>
    <subfield code="b">MAN</subfield>
    <subfield code="2">22</subfield>
  </datafield>
  <datafield tag="245" ind1="0" ind2="0">
    <subfield code="a">Mandela, the man =</subfield>
    <subfield code="b">&#x645;&#x627;&#x646;&#x62F;&#x64A;&#x644;&#x627; &#x627;&#x644;&#x625;&#x646;&#x633;&#x627;&#x646;</subfield>
    <subfield code="h">[videorecording] /</subfield>
  </datafield>
  <datafield tag="246" ind1="3" ind2="1">
    <subfield code="a">&#x645;&#x627;&#x646;&#x62F;&#x64A;&#x644;&#x627; &#x627;&#x644;&#x625;&#x646;&#x633;&#x627;&#x646;</subfield>
  </datafield>
  <datafield tag="260" ind1=" " ind2=" ">
    <subfield code="a">Cairo :</subfield>
    <subfield code="b">Hay Film,</subfield>
    <subfield code="c">1999.</subfield>
  </datafield>
  <datafield tag="300" ind1=" " ind2=" ">
    <subfield code="a">1 videocassette (45 min.) :</subfield>
    <subfield code="b">sd., col. ;</subfield>
    <subfield code="c">1/2 in.</subfield>
  </datafield>
  <datafield tag="508" ind1=" " ind2=" ">
    <subfield code="a">Producer/director, Tony Cimber ; writer/researcher, Tom Moses ; online editor, Scott Daniels ; music and effects, Audio Art.</subfield>
  </datafield>
  <datafield tag="520" ind1=" " ind2=" ">
    <subfield code="a">Details the life of Nelson Mandela, his struggle to free black South Africans from Apartheid, and his dramatic rise to power over the government which had imprisoned him.</subfield>
  </datafield>
  <datafield tag="538" ind1=" " ind2=" ">
    <subfield code="a">VHS format.</subfield>
  </datafield>
  <datafield tag="600" ind1="1" ind2=" ">
    <subfield code="a">Mandela, Nelson,</subfield>
    <subfield code="d">1918-</subfield>
    <subfield code="9">5754</subfield>
  </datafield>
  <datafield tag="650" ind1=" " ind2="7">
    <subfield code="a">Political prisoners</subfield>
    <subfield code="z">South Africa.</subfield>
    <subfield code="2">BUEsh</subfield>
  </datafield>
  <datafield tag="650" ind1=" " ind2="7">
    <subfield code="a">Anti-apartheid movements</subfield>
    <subfield code="z">South Africa.</subfield>
    <subfield code="2">BUEsh</subfield>
  </datafield>
  <datafield tag="651" ind1=" " ind2="7">
    <subfield code="a">South Africa</subfield>
    <subfield code="x">Politics and government</subfield>
    <subfield code="y">1961-1978.</subfield>
    <subfield code="2">BUEsh</subfield>
  </datafield>
  <datafield tag="942" ind1=" " ind2=" ">
    <subfield code="c">VHS</subfield>
    <subfield code="2">ddc</subfield>
    <subfield code="h">RDA-MOD</subfield>
  </datafield>
  <datafield tag="336" ind1=" " ind2=" ">
    <subfield code="2">rdacontent</subfield>
    <subfield code="a">text</subfield>
    <subfield code="b">txt</subfield>
  </datafield>
  <datafield tag="337" ind1=" " ind2=" ">
    <subfield code="a">unmediated</subfield>
    <subfield code="2">rdamedia</subfield>
    <subfield code="b">n</subfield>
  </datafield>
  <datafield tag="338" ind1=" " ind2=" ">
    <subfield code="a">volume</subfield>
    <subfield code="b">nc</subfield>
    <subfield code="2">rdacarrier</subfield>
  </datafield>
  <datafield tag="952" ind1=" " ind2=" ">
    <subfield code="0">0</subfield>
    <subfield code="1">0</subfield>
    <subfield code="2">ddc</subfield>
    <subfield code="4">0</subfield>
    <subfield code="7">0</subfield>
    <subfield code="a">MAIN</subfield>
    <subfield code="b">MAIN</subfield>
    <subfield code="c">2ND</subfield>
    <subfield code="d">2010-10-07</subfield>
    <subfield code="e">Purchase</subfield>
    <subfield code="l">0</subfield>
    <subfield code="o">968.06 &#x645; &#x627;&#x646;</subfield>
    <subfield code="p">000006336</subfield>
    <subfield code="r">2022-08-24 00:00:00</subfield>
    <subfield code="w">2007-10-10</subfield>
    <subfield code="y">VHS</subfield>
  </datafield>
</record>
